000
00268nam a2200097Ia 4500
001
796691
005
20250826170753.0
008
250824s9999 xx 000 0 und d
245
0
_a
MİLLİ MÜCADELE DE KADIN KAHRAMANLAR
_c
ERCAN DOLAPÇI
260
_b
SEDİR YAYINLARI A.Ş.
999
_c
796691
_d
796691